Interaktívna prezentácia pre vizuálne spoznávanie

Gespeichert in:
Bibliographische Detailangaben
1. Verfasser: Marušáková, Mária, 1989- (Verfasst von)
Weitere Verfasser: Štefanovič, Juraj, 1964- (Betreuung Doktorarbeit)
Format: Manuskript Buch
Sprache:Slowakisch
Veröffentlicht: Bratislava : STU v Bratislave FIIT, 2013
Schlagworte:
Online-Zugang:VAIS
Tags: Tag hinzufügen
Keine Tags, Fügen Sie das erste Tag hinzu!

MARC

LEADER 00000ntm a22000003a 4500
001 stu275777
005 20150617230237.3
008 131005s2013----xo------------------slo-d
040 |a STU  |b slo 
041 0 |a slo 
044 |a xo 
100 1 |a Marušáková, Mária,  |d 1989-  |4 aut  |u I  |T FIIT Fakulta informatiky a informačných technológií  |X 56236  |U I  |Y 70  |7 A000056236 
242 0 0 |a Interactive Presentation in Visual Exploring  |y eng 
245 1 |a Interaktívna prezentácia pre vizuálne spoznávanie 
260 |a Bratislava :  |b STU v Bratislave FIIT,  |c 2013 
300 |a 50 s  |c príl. 
650 7 |a informatika  |2 stusub 
650 7 |a Informatics  |2 estusub 
650 7 |a visualization  |2 estusub 
650 7 |a interaktívna prezentácia  |2 stusub 
650 7 |a vizualizácia  |2 stusub 
700 1 |a Štefanovič, Juraj,  |d 1964-  |4 ths  |u I300  |U FIIT Fakulta informatiky a informačných technológií  |T FIIT Ústav aplikovanej informatiky  |X 2056  |U I300  |Y 180  |7 A000002056 
856 4 |a info a plný text  |u http://is.stuba.sk/zp/portal_zp.pl?podrobnosti=56899  |3 VAIS 
996 |b IBAP78/13  |c I*BAP78/13  |l II680  |s A  |a 24  |w stu275777_0001